[Event "Kireevsk"]
[Site "Kireevsk"]
[Date "2006.12.28"]
[Round "10"]
[White "Meshkov, Alexander"]
[Black "Kalinichev, Andrey"]
[Result "1/2-1/2"]
[WhiteElo "2390"]
[BlackElo "2356"]
[PlyCount "55"]
[EventDate "2006.12.23"]
[EventType "tourn"]
[EventRounds "13"]
[EventCountry "RUS"]
[EventCategory "5"]
[SourceTitle "EXT 2019"]
[Source "ChessBase"]
[SourceDate "2018.10.10"]
[SourceVersion "1"]
[SourceVersionDate "2018.10.10"]
[SourceQuality "1"]

1. e4 e5 2. Nf3 Nf6 3. Nxe5 d6 4. Nf3 Nxe4 5. d4 d5 6. Bd3 Be7 7. 0-0 Nc6 8. c4 Nb4 9. Be2 0-0 10. a3 Nc6 11. cxd5 Qxd5 12. Nc3 Nxc3 13. bxc3 Bf5 14. Bf4 Bd6 15. Bxd6 cxd6 16. Nh4 Bd7 17. Qd3 Rfe8 18. Bf3 Qg5 19. g3 Na5 20. Rfe1 Bc6 21. Bxc6 Nxc6 22. Nf5 d5 23. Qf3 Qd2 24. Red1 Qe2 25. Qxd5 Rad8 26. Qb3 Na5 27. Qa4 b6 28. Re1 1/2-1/2

[Event "Kireevsk"]
[Site "Kireevsk"]
[Date "2006.12.26"]
[Round "6"]
[White "Slavnova, Dania"]
[Black "Meshkov, Alexander"]
[Result "1-0"]
[WhiteElo "2305"]
[BlackElo "2390"]
[PlyCount "71"]
[EventDate "2006.12.23"]
[EventType "tourn"]
[EventRounds "13"]
[EventCountry "RUS"]
[EventCategory "5"]
[SourceTitle "EXT 2019"]
[Source "ChessBase"]
[SourceDate "2018.10.10"]
[SourceVersion "1"]
[SourceVersionDate "2018.10.10"]
[SourceQuality "1"]

1. e4 c5 2. Nf3 e6 3. d4 cxd4 4. Nxd4 a6 5. Nc3 Qc7 6. Be2 b5 7. 0-0 Bb7 8. Bf3 b4 9. Na4 Bd6 10. g3 Nf6 11. Re1 Nc6 12. c3 h5 13. Nxc6 Qxc6 14. cxb4 Bxb4 15. Re2 Rc8 16. Bg5 Qb5 17. h4 Ng4 18. a3 f6 19. axb4 fxg5 20. Bxg4 hxg4 21. Nc5 gxh4 22. Ra5 Rxc5 23. Rxb5 Rxb5 24. Qd6 Rh6 25. gxh4 Rxh4 26. Rc2 Rh1+ 27. Kxh1 Bxe4+ 28. f3 Bxc2 29. Qxa6 Bd3 30. Qc8+ Ke7 31. Qc3 Be2 32. Qxg7+ Ke8 33. fxg4 Rxb4 34. Qg8+ Ke7 35. Qg5+ Kf7 36. Qh5+ 1-0